| 000 | 00000nam##2200000za#4500 |
| 001 | 9.624483 |
| 003 | CaOODSP |
| 005 | 20200327180744 |
| 007 | ta |
| 008 | 150406|1997||||xxc||||| f|0| 0 fre|d |
| 020 | |a0-662-82271-4 |
| 022 | |a1484-2815 |
| 040 | |aCaOODSP|bfre |
| 043 | |an-cn--- |
| 086 | 1 |aFo29-47/6-1997F |
| 110 | 1 |aCanada.|bRessources naturelles Canada. |bService canadien des forêts. |
| 245 | 10|aPrédiction de la teneur en humidité de la couverture morte à partir de l'indice de l'humus|c[par] B. D. Lawson, G.N. Dalrymple et B.C. Hawkes. |
| 260 | |aVictoria - Colombie Britannique : |bRessources naturelles Canada. |c1997. |
| 300 | |a6p. : |bfigures, références, tableaux ; |c28 cm. |
| 490 | 1 |aNotes de transfert technologique|x1484-2815|vN° 6, novembre 1997 |
| 563 | |aDépliant |
| 590 | |a97-50|b1997-12-12 |
| 720 | 1 |aLawson, B. D. |
| 720 | 1 |aDalrymple, G.N. |
| 720 | 1 |aHawkes, B.C. |
| 776 | 0#|tPrédiction de la teneur en humidité de la couverture morte à partir de l'indice de l'humus|w(CaOODSP)9.604813 |
| 830 | #0|aNotes de transfert technologique,|x1484-2815|vN° 6, novembre 1997|w(CaOODSP)9.513024 |